| 000 | 00735cam a22002411 4500 | ||
|---|---|---|---|
| 001 | sa 65001413 | ||
| 003 | DLC | ||
| 005 | 20260227112109.0 | ||
| 008 | 850617s1964 ii c 000 0 benx | ||
| 010 | _asa 65001413 | ||
| 025 | _aPL480:I-B-1526 | ||
| 035 | _a(OCoLC)13891430 | ||
| 040 |
_aDLC _cNN _dDLC |
||
| 043 | _aa-ii--- | ||
| 050 | 0 | 0 |
_aPN1009.B4 _bD4 |
| 100 | 1 |
_aDey, Prabhash Ranjan, _d1930- |
|
| 245 | 1 | 0 |
_aŚiśu-sāhitya o sāhityika. _c[Lekhaka] Śrīprabhāsarañjana De. |
| 260 |
_aKalikātā, _bPūrabī Buka Sṭora _c[1964?] |
||
| 300 |
_a12, 82 p. _bports. _c22 cm. |
||
| 500 | _aIn Bengali. | ||
| 650 | 0 |
_aChildren's literature, Bengali _xHistory and criticism. |
|
| 650 | 0 |
_aChildren _xBooks and reading _zIndia. |
|
| 999 |
_c62039 _d62039 |
||